Zpráva o 26. společné schůzi Sněmovny lidu a Sněmovny národů 5. volební období. 27.-29. března 1990

Uložené v:
Podrobná bibliografia
Médium: Kniha
Jazyk:Czech
Vydavateľské údaje: Praha Federální shromáždění ČSSR 1990
Tagy: Pridať tag
Žiadne tagy, Buďte prvý, kto otaguje tento záznam!

MARC

LEADER 00000nam a2200000 4500
001 c031439
005 20250606092210.5
041 0 |a cze 
044 |a CZ 
245 1 0 |a Zpráva o 26. společné schůzi Sněmovny lidu a Sněmovny národů  |b 5. volební období. 27.-29. března 1990 
264 1 |a Praha  |b Federální shromáždění ČSSR  |c 1990 
300 |a 2 zv.